Cambridge IELTS 8: (Record no. 155184)

MARC details
000 -LEADER
fixed length control field 00763nam a22001817a 4500
005 - DATE AND TIME OF LATEST TRANSACTION
control field 20180731114755.0
010 ## - LCCN (DPL NO)
LC control number B-701139
020 ## - INTERNATIONAL STANDARD BOOK NUMBER
International Standard Book Number 9781107695641
Terms of availability 475.00
035 ## - SYSTEM CONTROL NUMBER
System control number B-701139
037 ## - SOURCE OF ACQUISITION
Source of stock number/acquisition RK Books
Stock number dpl
082 ## - DEWEY DECIMAL CLASSIFICATION NUMBER
Classification number 488.24076
245 ## - TITLE STATEMENT
Title Cambridge IELTS 8:
Remainder of title examination papers from the university of Cambridge ESOL examinations /
260 ## - PUBLICATION, DISTRIBUTION, ETC. (IMPRINT)
Place of publication, distribution, etc New Delhi
Name of publisher, distributor, etc Cambridge University Press
Date of publication, distribution, etc 2016
270 ## - ADDRESS
Address Cambridge House,4381/4,Ansari Road,Daryaganj,
City New Delhi
Postal code 110002
300 ## - PHYSICAL DESCRIPTION
Extent 176p
Dimensions 24cm(pbk)
Accompanying material +CD-Rom
Other physical details ill
942 ## - ADDED ENTRY ELEMENTS (KOHA)
Source of classification or shelving scheme Dewey Decimal Classification
Item type English Books
Call number suffix CAM
Classification part 488.24076
Holdings
Withdrawn status Lost status Not for loan Collection code Home library Current library Date acquired Source of acquisition Cost, normal purchase price Full call number Barcode Copy number Cost, replacement price Koha item type
      Non-fiction Central Library Central Library 31/07/2018 RK Books IN 944/18-19/25.07.2018/507/25.07.2018/27.07.2018 475.00 488.24076 CAM B-701139 1 475.00 English Books

© Delhi Public Library
Hit Counter
free hit counter